000 00586nam a22002297a 4500
001 3724
003 FISKH
005 20250827082431.0
008 240425b cb ||||| |||| 00| 0 eng d
020 _a9771757426009
040 _aFISKH
_beng
_cFISKH
_dFISKH
082 _a550
100 _aTaylor, Barbara
110 _aDisney
245 _aPlanet earth
260 _aBrussels :
_bPaperview Europe,
_c2010
300 _a57 pages :
_c26 cm
490 _aThe wonderful world of knowledge
_vBook 2
521 8 _a660
_bLexile estimate
521 8 _aQ
_bRaz-Plus
942 _2ddc
_cBK
_n0
999 _c3724
_d3724